Malvinas /
Fotos emblemáticas del periodismo gráfico argentino de los últimos 35 años cuentan la historia de la Argentina reciente. La serie se sumerge en los archivos fotográficos y se acerca a los hechos desde imágenes que condensan simbólicamente mucho más que lo fotografiado. Se trata de una mirada que, ad...
Guardado en:
| Autor Principal: | |
|---|---|
| Autor Corporativo: | |
| Formato: | |
| Publicado: |
Argentina,
2013
|
| Series: | Fotos. Retrato de un país I
|
| Materias: | |
| Etiquetas: |
Agregar Etiqueta
Sin Etiquetas, Sea el primero en etiquetar este registro!
|
| LEADER | 02304ngm a22003495g 4500 | ||
|---|---|---|---|
| 001 | CEM.cems023914 | ||
| 008 | 130507s2013##################0###0#####d | ||
| 005 | 20250716135026.0 | ||
| 245 | 1 | 0 | |a Malvinas / |c Nicolás Avruj, Fernando Zuber y Diego Lerman. |
| 260 | |a Argentina, |c 2013 | ||
| 300 | |a 28'. | ||
| 490 | 0 | |a Fotos. Retrato de un país I | |
| 538 | |a Soporte: DVD - Formato: AVI - Resolución: 720 x 540 - Grabación DRD | ||
| 520 | |a Fotos emblemáticas del periodismo gráfico argentino de los últimos 35 años cuentan la historia de la Argentina reciente. La serie se sumerge en los archivos fotográficos y se acerca a los hechos desde imágenes que condensan simbólicamente mucho más que lo fotografiado. Se trata de una mirada que, además de detenerse en lo estético, se plantea un relato fotográfico de la historia.-- Luego de dejar la editorial Atlántida a fines de los '70, el fotógrafo Rafael Wollmann comienza un trabajo free lance que lo lleva a vender material a diversas revistas, medios y agencias internacionales. En 1982 una agencia francesa se muestra interesada en un foto-reportaje sobre las Islas Malvinas: cómo es la vida cotidiana de una colectividad inglesa, qué comen, qué comercian. Wollmann llega con su visa de turista el 23 de marzo de 1982 y planea quedarse unas semanas para hacer un trabajo tranquilo. Sin embargo, la noche del 1 de abril de 1982 empieza a circular, a través de la precaria radio de las islas, la noticia de un posible desembarco militar argentino. Para la madrugada siguiente, Wollmann es el único fotógrafo presente en las islas Malvinas que fotografía el avance de las tropas argentinas y la rendición de los ingleses. | ||
| 500 | |a Consultar en ventanilla. | ||
| 100 | 1 | |a Avruj, Nicolás. | |
| 710 | 2 | |a Canal Encuentro. | |
| 082 | 9 | 8 | |/ AVR-1 |
| 653 | |a HISTORI | ||
| 653 | |a HISTORIA ARGENTINA | ||
| 653 | |a FOTOS | ||
| 653 | |a FOTOGRAFIA | ||
| 653 | |a FOTOGRAFIA ARGENTINA | ||
| 653 | |a GALTIERI | ||
| 653 | |a GUERRA DE MALVINAS | ||
| 653 | |a GUERRA DEL ATLANTICO SUR | ||
| 653 | |a DICTADURA | ||
| 653 | |a DICTADURA MILITAR | ||
| 653 | |a PROCESO DE REORGANIZACION NACIONAL | ||
| 653 | |a MALVINAS | ||
| 653 | |a SERIE DE TELEVISIÓN | ||
| 859 | |a CEMS |b BIB. CEMS - Depto. Recursos Didacticos |h 982 |i AVR-1 |k DRD |p 2557.15 |t Ej.1 | ||
